000 00317nam a2200121Ia 4500
008 211105s9999 xx 000 0 und d
020 _aVYASA12728
100 _aHinoJog
245 0 _aSuresvara'S Vartika On Asva And Asvamedha Brahmana
250 _a1st
260 _bMotilal Banarsidass Publishers
_c\N
300 _a110
999 _c11081
_d11081